Me duele la lengua/ (Registro nro. 36798)

Detalles MARC
000 -CABECERA
Longitud fija campo de control 00610nam a22002057a 4500
003 - • IDENTIFICADOR DELl NÚMERO DE CONTROL
Identificador del número de control CO-ViMGA
008 - • CÓDIGOS DE INFORMACIÓN DE LONGITUD FIJA
Códigos de información de longitud fija 170824b xxu||||| |||| 00| 0 eng d
020 ## - • NÚMERO INTERNACIONAL NORMALIZADO PARA LIBROS
Número Internacional Normalizado para Libros (ISBN) 8423640167
040 ## - FUENTE DE LA CATALOGACIÓN
Centro catalogador de origen CO-ViMGA
Lengua de catalogación spa
Centro transcriptor CO-ViMGA
100 1# - • PUNTO DE ACCESO PRINCIPAL-NOMBRE DE PERSONA
Nombre de persona MAARGARITA MAINÉ,
Fechas asociadas al nombre 1997,
245 10 - • TITULO PROPIAMENTE DICHO
Título Me duele la lengua/
Mención de responsabilidad, etc. Texto, Margarita Mainé, ; Ilustracion Anne Decis,
300 ## - • DESCRIPCIÓN FÍSICA
Extensión 28 pg,
Otras características físicas ll, ; 18 x 19 cm
490 ## - • MENCIÓN DE SERIE
Mención de serie Tren Azul,
650 14 - • PUNTO DE ACCESO ADICIONAL DE MATERIA - TÉRMINO DE MATERIA
Término de materia o nombre geográfico como elemento inicial Cuentos Infantiles,
700 1# - • PUNTO DE ACCESO ADICIONAL - NOMBRE DE PERSONA
Nombre de persona Margarita Mainé
Fechas asociadas al nombre 1997
Término indicativo de función tx,
942 ## - ENTRADA DE ELEMENTOS AGREGADOS (KOHA)
Fuente de clasificaión o esquema Dewey Decimal Classification
Koha [por defecto] tipo de item LIbro
945 ## - TRATAMIENTO DE LA INFORMACIÓN LOCAL (OCLC)
a MEDm
Existencias
Perdido Fuente de clasificación o esquema Estado Físico No para préstamo Forma de adquisición Localización permanente Localización actual Fecha adquisición Préstamos totales Signatura completa Código de barras Fecha última consulta Fecha del precio de reemplazo Tipo de item de Koha
  Dewey Decimal Classification     Sala Infantil Segundo Piso Biblioteca Pública Germán Arciniegas - Villavicencio Biblioteca Pública Germán Arciniegas - Villavicencio 08/24/2017   MEDm 558870 08/24/2017 08/24/2017 LIbro









Instituto Departamental de Cultura del Meta - Red Departamental de Bibliotecas Públicas del Meta.